Rugby - Coupe du monde 2023 - Effectif France - Statistiques

Statistiques générales
  • Ce quiz a été pris 587 fois
  • Le résultat moyen est 27 sur 34
Statistiques - réponses
Hint Réponse Equipe % Correct
Demi de mêlée Antoine Dupont Stade Toulousain
97%
Arrière Thomas Ramos Stade Toulousain
94%
Ailier Damian Penaud Union Bordeaux-Bègles
92%
Demi d'ouverture Matthieu Jalibert Union Bordeaux-Bègles
92%
Pillier Cyril Baille Stade Toulousain
90%
Demi de mêlée Maxime Lucu Union Bordeaux-Bègles
90%
Talonneur Peato Mauvaka Stade Toulousain
89%
Pillier Uini Atonio Stade Rochelais
88%
Centre Gaël Fickou Racing 92
87%
Talonneur Julien Marchand Stade Toulousain
87%
Coach Fabien Galthié X
86%
Ailier Louis Bielle-Biarrey Union Bordeaux-Bègles
85%
Arrière Melvyn Jaminet Stade Toulousain
85%
3ème ligne Charles Ollivon Racing Club Toulon
82%
3ème ligne François Cros Stade Toulousain
82%
2ème ligne Thibaud Flament Stade Toulousain
80%
Ailier Gabin Villière Racing Club Toulon
79%
3ème ligne Grégory Alldrit Stade Rochelais
79%
Centre Jonathan Danty Stade Rochelais
79%
3ème ligne Anthony Jelonch Stade Toulousain
77%
Centre Yoram Moefana Union Bordeaux-Bègles
77%
Demi d'ouverture Antoine Hastoy Stade Rochelais
76%
2ème ligne Cameron Woki Racing 92
76%
Demi de mêlée Baptiste Couilloud Lyon Olympique Universitaire
75%
Pillier Jean-Baptiste Gros Racing Club Toulon
73%
Pillier Reda Wardi Stade Rochelais
69%
2ème ligne Romain Taofifenua Lyon Olympique Universitaire
69%
Pillier Dorian Aldegheri Stade Toulousain
68%
3ème ligne Sekou Macalou Stade Français
68%
Centre Arthur Vincent Montpellier Hérault Rugby
66%
Talonneur Pierre Bourgarit Stade Rochelais
66%
3ème ligne Paul Boudehent Stade Rochelais
60%
2ème ligne Paul Willemse Montpellier Hérault Rugby
60%
Pillier Sipili Falatea Union Bordeaux-Bègles
50%
Aucun quiz correspondant
Distribution des résultats
% des personnes avec chaque résultat
Percentile par nombre de réponses
Votre historique - résultats
Vous n’avez pas pris ce quiz